The Beautiful Tree Indigenous Indian education in the 18th Century (Record no. 13898)

MARC details
000 -LEADER
fixed length control field 00390nam a22001457a 4500
003 - CONTROL NUMBER IDENTIFIER
control field OSt
008 - FIXED-LENGTH DATA ELEMENTS--GENERAL INFORMATION
fixed length control field 260325b |||||||| |||| 00| 0 eng d
020 ## - INTERNATIONAL STANDARD BOOK NUMBER
International Standard Book Number 8175310952
082 ## - DEWEY DECIMAL CLASSIFICATION NUMBER
Classification number 370.954 DHB
100 ## - MAIN ENTRY--PERSONAL NAME
Personal name DHARAMPAL
245 ## - TITLE STATEMENT
Title The Beautiful Tree Indigenous Indian education in the 18th Century
260 ## - PUBLICATION, DISTRIBUTION, ETC. (IMPRINT)
Place of publication, distribution, etc Bengaluru
Name of publisher, distributor, etc Rashtrotthana Sahitya
Date of publication, distribution, etc 2025
300 ## - PHYSICAL DESCRIPTION
Extent 437p
942 ## - ADDED ENTRY ELEMENTS (KOHA)
Source of classification or shelving scheme Dewey Decimal Classification
Koha item type Reference Books
Holdings
Withdrawn status Lost status Source of classification or shelving scheme Damaged status Not for loan Collection code Home library Current library Date acquired Source of acquisition Currency Cost, normal purchase price Bill Number Total Checkouts Full call number Acc. no. / Barcode Date last seen Actual Cost, discounted price Bill Date Koha item type
    Dewey Decimal Classification     Book Club and Indian Knowledge System PIET C-LIBRARY PIET C-LIBRARY 16/03/2026 Zafaa Books and Distributors INR 500.00 ZBD0499   370.954 DHB K186 25/03/2026 425.00 16/03/2026 Reference Books
    Dewey Decimal Classification     IKS- Indian Knowledge System PIET C-LIBRARY PIET C-LIBRARY 23/03/2026 Zafaa Books and Distributors INR 500.00 ZBD0591   370.954 DHB 39980 28/03/2026 425.00 23/03/2026 Text Books
    Dewey Decimal Classification     IKS- Indian Knowledge System PIET C-LIBRARY PIET C-LIBRARY 23/03/2026 Zafaa Books and Distributors INR 500.00 ZBD0591   370.954 DHB 39981 28/03/2026 425.00 23/03/2026 Text Books

Design & Developed by: PIET Central Library
R70 Miles Stone Pattikalyana Samalkha Panipat 132102
mail ID :- [email protected], Phone No:- 0180-2569700 Ex.216